000 01001nas a2200301 4500
001 BR2014006608
003 BR-BrBNA
005 20231205124632.0
007 ta
008 230509b bl.|||p| |||| 00| 00por d
040 _aBR-BrBNA
_bpor
_cBiblioteca Nacional de Agricultura
041 _a(Pt)
072 _aF04
100 1 _aRodrigues, L.F.O.S.
100 1 _aGuimarães, V.F.
100 1 _aSilva, M.B. da
100 1 _aPinto Junior, A.S.
100 1 _aKlein, J.
100 1 _aCosta, A.C.P.R. da
245 1 _aCaracterísticas agronômicas do trigo em função de Azospirillum brasilense, ácidos húmicos e nitrogênio em casa de vegetação
650 _aTRITICUM AESTIVUM
650 _aCULTIVO PROTEGIDO
650 _aFERTILIZANTE NITROGENADO
650 _aNUTRIENTE
773 0 _tRevista Brasileira de Engenharia Agrícola e Ambiental (Brazil)
_xISSN 1415-4366
_g(Jan 2014), V. 18(1) p. 31-37
_wBR2014006608
909 _a202311
_bLúcia
_c55
_dLúcia Elande
942 _2AGRIS
_n0
_cANA
999 _c240107
_d240107